<?xml version="1.0" encoding="UTF-8"?>
<record
    xmlns:xsi="http://www.w3.org/2001/XMLSchema-instance"
    xsi:schemaLocation="http://www.loc.gov/MARC21/slim http://www.loc.gov/standards/marcxml/schema/MARC21slim.xsd"
    xmlns="http://www.loc.gov/MARC21/slim">

  <leader>00821cam a22002531  4500</leader>
  <controlfield tag="001">sa 67005447 </controlfield>
  <controlfield tag="003">DLC</controlfield>
  <controlfield tag="005">20260227112357.0</controlfield>
  <controlfield tag="008">890804s1963    np j          000 0 sano </controlfield>
  <datafield tag="010" ind1=" " ind2=" ">
    <subfield code="a">sa 67005447 </subfield>
  </datafield>
  <datafield tag="035" ind1=" " ind2=" ">
    <subfield code="a">(OCoLC)20127909</subfield>
  </datafield>
  <datafield tag="040" ind1=" " ind2=" ">
    <subfield code="a">DLC</subfield>
    <subfield code="c">WaU</subfield>
    <subfield code="d">DLC</subfield>
  </datafield>
  <datafield tag="042" ind1=" " ind2=" ">
    <subfield code="a">premarc</subfield>
  </datafield>
  <datafield tag="050" ind1="0" ind2="0">
    <subfield code="a">CS1209</subfield>
    <subfield code="b">.S4 1963</subfield>
  </datafield>
  <datafield tag="100" ind1="1" ind2=" ">
    <subfield code="a">R&#x101;java&#x1E43;&#x15B;&#x12B;, &#x15A;a&#x1E45;karam&#x101;na,</subfield>
    <subfield code="d">1925-</subfield>
  </datafield>
  <datafield tag="245" ind1="1" ind2="0">
    <subfield code="a">Sena-va&#x1E43;&#x15B;&#x101;val&#x12B;.</subfield>
  </datafield>
  <datafield tag="260" ind1=" " ind2=" ">
    <subfield code="c">[1963/64]</subfield>
  </datafield>
  <datafield tag="300" ind1=" " ind2=" ">
    <subfield code="a">3, 40, 2 p.</subfield>
    <subfield code="b">geneal. tables.</subfield>
    <subfield code="c">25 cm.</subfield>
  </datafield>
  <datafield tag="500" ind1=" " ind2=" ">
    <subfield code="a">Includes Bhavadattas&#x315; Ratnasenakula va&#x1E43;&#x15B;amukt&#x101;val&#x12B; and Ga&#x1E45;g&#x101;vi&#x1E63;&#x1E47;us&#x315; Senavam&#x15B;&#x101;val&#x12B;.</subfield>
  </datafield>
  <datafield tag="500" ind1=" " ind2=" ">
    <subfield code="a">In Sanskrit; introductory matter in Nepali.</subfield>
  </datafield>
  <datafield tag="600" ind1="3" ind2="0">
    <subfield code="a">Sen family.</subfield>
  </datafield>
  <datafield tag="700" ind1="0" ind2=" ">
    <subfield code="a">Bhavadatta.</subfield>
    <subfield code="t">Ratnasenakula va&#x1E43;&#x15B;amukt&#x101;val&#x12B;.</subfield>
  </datafield>
  <datafield tag="700" ind1="0" ind2=" ">
    <subfield code="a">Gan&#x1F5;&#x101;vi&#x1E63;&#x1E47;u.</subfield>
    <subfield code="t">Senava&#x1E43;&#x15B;&#x101;val&#x12B;.</subfield>
  </datafield>
  <datafield tag="999" ind1=" " ind2=" ">
    <subfield code="c">75212</subfield>
    <subfield code="d">75212</subfield>
  </datafield>
</record>
